Największe miasta w Holandii - Statystyki

Ogólne statystyki
  • Ten quiz został rozwiązany 70 razy
  • Średni wynik to 7 z 15
Statystyki odpowiedzi
Populacja Prowincja Miasto % Poprawnych
918 117 Holandia Północna Amsterdam
98%
663 900 Holandia Południowa Rotterdam
98%
562 839 Holandia Południowa Haga
89%
243 730 Brabancja Północna Eindhoven
70%
367 947 Utrecht Utrecht
67%
238 147 Groningen Groningen
60%
186 438 Brabancja Północna Breda
53%
182 480 Geldria Nijmegen
35%
165 770 Geldria Arnhem
32%
227 707 Brabancja Północna Tilburg
30%
161 235 Overijssel Enschede
23%
165 396 Holandia Północna Haarlem
21%
167 191 Geldria Apeldoorn
16%
222 825 Fryzja Almere
12%
160 759 Utrecht Amersfoort
12%
Nie znaleziono quizów pasujących do podanych kryteriów
Rozkład punktacji
Procent ludzi z każdym wynikiem
Percentyl według liczby udzielonych odpowiedzi
Twoja historia wyników
Nie rozwiązałeś tego quizu